Chiến thắng biên giới Tây - Nam Việt Nam và dấu ấn quân tình nguyện Việt Nam đối với cách mạng Campuchia
Guardat en:
| Format: | Llibre |
|---|---|
| Idioma: | Vietnamese |
| Publicat: |
Hà Nội
Văn hóa thông tin
2014
|
| Matèries: | |
| Etiquetes: |
Afegir etiqueta
Sense etiquetes, Sigues el primer a etiquetar aquest registre!
|
| Thư viện lưu trữ: | Trung tâm Học liệu Lê Vũ Hùng, Trường Đại học Đồng Tháp |
|---|
| LEADER | 00807pam a22002298a 4500 | ||
|---|---|---|---|
| 001 | 00045974 | ||
| 005 | 20201125161154.0 | ||
| 008 | 130124s2012 ||||||viesd | ||
| 020 | # | # | |c 335000 |
| 041 | 0 | # | |a vie |
| 082 | 1 | 4 | |a 959.704 41 |b CH305TH |
| 245 | 1 | 0 | |a Chiến thắng biên giới Tây - Nam Việt Nam và dấu ấn quân tình nguyện Việt Nam đối với cách mạng Campuchia |
| 260 | # | # | |a Hà Nội |b Văn hóa thông tin |c 2014 |
| 300 | # | # | |a 421 tr. |c 27 cm |
| 653 | # | # | |a Campuchia |
| 653 | # | # | |a Việt Nam |
| 653 | # | # | |a Chiến tranh biên giới |
| 653 | # | # | |a Lịch sử |
| 653 | # | # | |a Quân tình nguyện |
| 852 | # | # | |j KD.0027473 |
| 910 | # | # | |d 25/11/2020 |
| 980 | # | # | |a Trung tâm Học liệu Lê Vũ Hùng, Trường Đại học Đồng Tháp |